Settling arguments (Record no. 81445)
[ view plain ]
| 000 -LEADER | |
|---|---|
| fixed length control field | 00917cab a22001935a 4500 |
| 001 - CONTROL NUMBER | |
| control field | L147229 |
| 008 - FIXED-LENGTH DATA ELEMENTS--GENERAL INFORMATION | |
| fixed length control field | 090417s2009 xxkao f 000 0 eng d |
| 035 ## - SYSTEM CONTROL NUMBER | |
| System control number | (Sirsi) u147229 |
| 041 0# - LANGUAGE CODE | |
| Language code of text/sound track or separate title | eng |
| 245 00 - TITLE STATEMENT | |
| Title | Settling arguments |
| 260 ## - PUBLICATION, DISTRIBUTION, ETC. | |
| Date of publication, distribution, etc. | 2009 |
| 490 #0 - SERIES STATEMENT | |
| Series statement | Agreement |
| Volume/sequential designation | April 2009, 33-34(2) |
| 520 ## - SUMMARY, ETC. | |
| Summary, etc. | Explains that tenancy deposit protection schemes (TDS) are legally obliged to provide for independent arbitration in to help resolve disputes and that The Dispute Service provides this service for the TDS. Considers the most common causes of arguments over deposits including cleaning, damage, gardening and decoration. Highlights the need for good inventory-taking practice. |
| 590 ## - LOCAL NOTE (RLIN) | |
| Local note | KA |
| 650 24 - SUBJECT ADDED ENTRY--TOPICAL TERM | |
| Topical term or geographic name entry element | TENANCY DEPOSIT SCHEME (TDS) |
| 651 #4 - SUBJECT ADDED ENTRY--GEOGRAPHIC NAME | |
| Geographic name | England and Wales |
| Chronological subdivision | 1543- |
| 690 ## - LOCAL SUBJECT ADDED ENTRY--TOPICAL TERM (OCLC, RLIN) | |
| Topical term or geographic name as entry element | MANAGEMENT-DISPUTE AVOIDANCE, MANAGEMENT AND RESOLUTION-DISPUTE MANAGEMENT AND RESOLUTION-ARBITRATION |
| 942 ## - ADDED ENTRY ELEMENTS (KOHA) | |
| Suppress in OPAC | 0 |
| Withdrawn status | Lost status | Source of classification or shelving scheme | Damaged status | Not for loan | Home library | Current library | Shelving location | Date acquired | Total Checkouts | Full call number | Barcode | Date last seen | Copy number | Price effective from | Koha item type |
|---|---|---|---|---|---|---|---|---|---|---|---|---|---|---|---|
| Dewey Decimal Classification | London | London | Journal article | 17/04/2009 | L147229 | 147229-1001 | 06/08/2019 | 1 | 06/08/2019 | Journal article |